| 000 | 00881cab a2200229 4500 | ||
|---|---|---|---|
| 001 | E84236 | ||
| 008 | 090401t1996 xxu||||| |||| 00| 0 eng d | ||
| 035 | _a(Sirsi) u78627 | ||
| 041 | _aeng | ||
| 245 | _aCrofters Commission v Arran Limited and others | ||
| 260 | _c1996 | ||
| 350 | _a0 | ||
| 490 |
_aScottish Land Court Reports _v1996 SLCR 103-141(39) |
||
| 520 | _aFull Court. Application RN SLC/23/96 - order of 7 February 1997. Common grazings - grazings shared by one crofter and two owner-occupiers of non-croft subjects - reference by Crofters Commission - whether grazings common grazings in terms of Crofters (Scotland) Act 1993. | ||
| 650 | _aCOMMON GRAZINGS | ||
| 650 | _aCROFTERS (SCOTLAND) ACT 1993 | ||
| 650 | _aSCOTTISH LAND COURT | ||
| 650 | _aSLC | ||
| 690 | _aLANDLORD AND TENANT-CASE LAW-AGRICULTURAL TENANCIES | ||
| 942 | _n0 | ||
| 948 | _c29/05/1997 | ||
| 999 |
_c49448 _d49448 |
||